Statistics for Pubs in Cork City

Click here to take the quiz!

General Stats

  • This quiz has been taken 35 times
  • The average score is 7 of 20

Answer Stats

HintAnswer% Correct
O____Old Oak
70%
R____Rearden's
67%
A____An Brog
59%
O____Oliver Plunkett
56%
S____Sin é
52%
T____Tom Barry's
41%
C____Crane Lane
37%
E____Electric
37%
M____Mutton Lane
37%
D____Deep South
33%
F____Franciscan Well
33%
W____Wetherspoon
33%
S____Sober Lane
30%
S____Soho
30%
W____Woolshed
26%
R____Rising Sons
22%
B____Bodega
19%
B____Brick Lane
19%
C____Courtyard
15%
O____Oyster Tavern
11%

Score Distribution

Percentile by Number Answered

Percent of People with Each Score

Your Score History

You have not taken this quiz